Olivia Rodrigo - Devine la chanson sans indices #4 - Statistiques

Statistiques générales
  • Ce quiz a été pris 130 fois
  • Le résultat moyen est 276 sur 473
Statistiques - réponses
Paroles % Correct
I
96%
I,
96%
Refrain
96%
a
91%
you
89%
Oh,
85%
Oh,
83%
the
80%
love
77%
He
74%
he
74%
to
73%
when
73%
an
72%
me
72%
me,
72%
so
70%
So
70%
is
69%
Do
68%
do
68%
on
67%
on,
67%
1,
65%
and
65%
And
65%
be
65%
him
65%
him?
65%
him,
65%
I'm
65%
my
65%
was
65%
get
64%
Get
64%
it
64%
like,
64%
2,
63%
all
63%
back
63%
back,
63%
want
63%
in
61%
friend
59%
then
59%
with
59%
With
59%
am
58%
But
58%
but
58%
(but
58%
had
58%
just
58%
Just
58%
guy
57%
hate
57%
bad
56%
3
55%
about
55%
girl
55%
girl,
55%
her
55%
make
55%
now
55%
one
55%
try"
55%
every
54%
much
53%
right
53%
son
53%
feel
52%
it's
52%
wanna
52%
Wanna
52%
6
51%
friends
51%
his
51%
jealous,
51%
nice
51%
real
51%
summer
51%
would
51%
'Cause
50%
ego
50%
met
50%
miss
50%
said
50%
say
50%
that
50%
good,
49%
good
49%
made
49%
never
49%
really
49%
spring
49%
this
49%
up
49%
"Dude,
48%
everything
48%
eye
48%
France
47%
If
47%
such
47%
face
46%
fun
46%
he's
46%
He's
46%
left
46%
time
46%
again,
45%
again
45%
Another
45%
another
45%
argued
45%
bar,
45%
car
45%
foot
45%
guess
45%
heart
45%
he'd
45%
kiss
45%
mom
45%
night
45%
of
45%
sad
45%
some
45%
song
45%
song,
45%
tell
45%
way
45%
weird
45%
end
44%
fly
44%
I'll
44%
take
44%
know
43%
meet
43%
choose,
42%
down
42%
only
42%
something
42%
sucks
42%
sucks,
42%
us
42%
Yeah,
42%
yeah
42%
break
41%
depressed
41%
remember
41%
sweet
41%
temper
41%
uppercut
41%
wrong,
41%
club,
40%
could
40%
dance
40%
drums?
40%
feeling
40%
laugh
40%
makes
40%
revenge
40%
knew
39%
them
39%
wasn't
39%
got
38%
parties
38%
pass
38%
truth
38%
letters
37%
Wait,
37%
key
36%
lunch
36%
out
36%
out,
36%
shit
36%
told
36%
trash
36%
at
35%
Because
35%
everyone
35%
fix
35%
kisses
35%
maybe
35%
wandering
35%
write
35%
daughter,
34%
how
34%
nights
34%
stitch
34%
Stitch
34%
father's
33%
little
33%
as
32%
disappointed
32%
throw
32%
these
30%
'Til
30%
gonna
29%
what
29%
don't
28%
picture
28%
faces
26%
hurt
25%
trippin'
25%
same
24%
pour
22%
"Send"
22%
hit
21%
hitting
19%
come
16%
better
15%
won't
12%
even
11%
Aucun quiz correspondant
Distribution des résultats
% des personnes avec chaque résultat
Percentile par nombre de réponses
Votre historique - résultats
Vous n’avez pas pris ce quiz